000 00655nam a2200241Ia 4500
003 OSt
005 20220918204927.0
006 a|||||r|||| 00| 0
007 ta
008 220917b |||||||| |||| 00| 0 eng d
024 _a114,765
037 _cTextual
040 _aARTS
_cARTS
_beng
041 _2eng
_aeng
082 _aV595:1(Y1:1):N6, L3
100 _aBalick Stanislaw Witold
_9113635
245 0 _aCulture policy in Poland
260 _c1973
490 _aStudies and documents on cultural policies
650 _aHISTORY
942 _hV595:1(Y1:1):N6, L3
_cTEXL
_2CC
999 _c238095
_d238095